000 00990nas a2200301 4500
001 BR2021000598
003 BR-BrBNA
005 20231205132230.0
007 ta
008 230509b bl.|||p| |||| 00| 00por d
040 _aBR-BrBNA
_bpor
_cBiblioteca Nacional de Agricultura
041 _a(Pt)
072 _aF04; F06
100 1 _aRamalho, A.H.C.
100 1 _aMaffioletti, F.D.
100 1 _aTrazzi, P.A.
100 1 _aRamalho, E.C.
100 1 _aFiedler, N.C.
245 1 _aDoses de potássio e lâminas de irrigação na qualidade de mudas de eucalipto
650 _aMANEJO DE ÁGUA
650 _aSUBSTRATO DE CULTURA
650 _aPOTÁSSIO
650 _aIRRIGAÇÃO
773 0 _tNativa. Pesquisas Agrárias e Ambientais (Brazil)
_xISSN 2318-7670
_g(Sep-Oct 2020), v. 8(5) p. 643-649
_wBR2021000598
856 4 0 _uhttps://periodicoscientificos.ufmt.br/ojs/index.php/nativa/article/view/10146/7632
909 _a202311
_bLúcia
_c55
_dLúcia Elande
942 _2AGRIS
_n0
_cANA
999 _c259188
_d259188